| 000 | 01165cas a22003617a 4500 | ||
|---|---|---|---|
| 001 | data | ||
| 005 | 20260322212115.0 | ||
| 008 | data | ||
| 035 | _a11414210 | ||
| 906 |
_a7 _bcbc _cserials _du _encip _f19 _gn-oclcserc |
||
| 010 | _asf 93092625 | ||
| 035 | _a(OCoLC)28110238 | ||
| 040 |
_aDLC _beng _cDLC _dOCLCF _dMNU _dOCLCF |
||
| 042 | _apcc | ||
| 050 | 0 | 0 | _aPulp fiction box 121 |
| 130 | 0 | _aJungle stories (New York, N.Y. : 1931) | |
| 245 | 1 | 0 | _aJungle stories. |
| 260 |
_aNew York, N.Y. : _bClayton Magazines, _c1931- |
||
| 300 | _av. | ||
| 310 | _aBimonthly | ||
| 336 |
_atext _btxt _2rdacontent |
||
| 337 |
_aunmediated _bn _2rdamedia |
||
| 338 |
_avolume _bnc _2rdacarrier |
||
| 362 | 0 | _aVol. 1, no. 1 (Aug. 1931)- | |
| 500 | _aTitle from cover. | ||
| 650 | 0 |
_aAdventure stories _vPeriodicals. |
|
| 650 | 7 |
_aAdventure stories. _2fast _0(OCoLC)fst00797462 |
|
| 655 | 7 |
_aPeriodicals. _2fast _0(OCoLC)fst01411641 |
|
| 776 | 1 |
_cMicrofilm _dLibrary of Congress Preservation Microfilming Program _w(OCoLC)34870982 _w(OCoLC)34870982 |
|
| 991 |
_bc-Ser _hPulp fiction box 121 _wSERIALS |
||
| 999 |
_c1730 _d1730 |
||